陳薇隨筆
| 資料類型: | 圖書 | 書目號: | 41709 |
Leader xxxxxxxxxx 001 __ PCLIS00041709 005 __ 20100203114511.11 010 0_ |a957-|b平裝|dNT$150 020 __ |acw|b82005151 100 __ |a20100203d2010 0chib0109 e 101 0_ |achi 102 __ |acw 105 __ |aa z 000yy 200 1_ |a陳薇隨筆|e|f陳薇著|g 205 __ |a初版 210 __ |a臺北市|c陳春子|d民79年 215 0_ |a面|c圖, 表|d公分 225 1_ |a|v 300 __ |a 681 __ |a|b 700 __ |a陳|b薇|4著 702 _1 |a|b|4 801 __ |acw|b本館|c20100203 |